000 00862nam a22002417a 4500
999 _c66815
_d66815
005 20240530110940.0
008 180321s2016 ua j g 000 0 ara d
017 _a2016/1568
_bمصر. دار الكتب
020 _a9789776469235
040 _aEG-CaGPL
082 0 4 _221
_a153.1532
_bم م
100 0 _aمجدي محمد الدسوقي
245 1 0 _aمقياس اللامبالاة الانفعالية
_cمجدي محمد الدسوقي
260 _aالقاهرة :
_bدار العلوم للنشر والتوزيع ،
_c2016.
300 _a79 ص. ؛
_b24 سم.
650 0 7 _aاللامبالاة
650 0 7 _aالإضطرابات النفسية
650 0 7 _aالإنفعالات
650 0 7 _aتأمين المعادن
650 0 7 _aالمعادن
_xأدوت القطع
942 _2ddc
_cBK